000
00227 a2200109 4500
020
_a
9780545456883
041
_a
spa
100
_a
Jayne Church, Caroline
245
_a
Te quiero mucho hasta maąna
942
_c
BK
952
_7
1
999
_c
22323
_d
22323